<?xml version="1.0" encoding="UTF-8"?>
<record
    xmlns:xsi="http://www.w3.org/2001/XMLSchema-instance"
    xsi:schemaLocation="http://www.loc.gov/MARC21/slim http://www.loc.gov/standards/marcxml/schema/MARC21slim.xsd"
    xmlns="http://www.loc.gov/MARC21/slim">

  <leader>00443nam a22001577a 4500</leader>
  <controlfield tag="003">OSt</controlfield>
  <controlfield tag="005">20151117142127.0</controlfield>
  <controlfield tag="008">151117b        xxu||||| |||| 00| 0 eng d</controlfield>
  <datafield tag="040" ind1=" " ind2=" ">
    <subfield code="c">RUA </subfield>
  </datafield>
  <datafield tag="082" ind1=" " ind2=" ">
    <subfield code="a">FIS &#x1790;&#x17C4;&#x1784; 1992 B146 Or.1</subfield>
  </datafield>
  <datafield tag="100" ind1=" " ind2=" ">
    <subfield code="9">3788</subfield>
    <subfield code="a">&#x1790;&#x17C4;&#x1784;&#x1790;&#x17B6;&#x179C;&#x17B8;</subfield>
  </datafield>
  <datafield tag="245" ind1=" " ind2=" ">
    <subfield code="a">&#x1780;&#x17B6;&#x179A;&#x1790;&#x17C2;&#x179A;&#x1780;&#x17D2;&#x179F;&#x17B6;&#x178F;&#x17D2;&#x179A;&#x17B8;&#x1780;&#x17D2;&#x179B;&#x17B6;&#x179F;&#x17D2;&#x179F;&#x17C1;</subfield>
  </datafield>
  <datafield tag="260" ind1=" " ind2=" ">
    <subfield code="a">Phnom Penh </subfield>
    <subfield code="b">RUA </subfield>
    <subfield code="c">1992</subfield>
  </datafield>
  <datafield tag="300" ind1=" " ind2=" ">
    <subfield code="a">43p.</subfield>
    <subfield code="b">ill.</subfield>
    <subfield code="c">29cm.</subfield>
  </datafield>
  <datafield tag="942" ind1=" " ind2=" ">
    <subfield code="2">ddc</subfield>
    <subfield code="c">FIS</subfield>
  </datafield>
  <datafield tag="999" ind1=" " ind2=" ">
    <subfield code="c">3523</subfield>
    <subfield code="d">3523</subfield>
  </datafield>
  <datafield tag="952" ind1=" " ind2=" ">
    <subfield code="0">0</subfield>
    <subfield code="1">0</subfield>
    <subfield code="2">ddc</subfield>
    <subfield code="4">0</subfield>
    <subfield code="6">FIS_&#x1790;&#x17C4;&#x1784;_1992_000000000000000_B146_OR_1</subfield>
    <subfield code="7">0</subfield>
    <subfield code="9">16913</subfield>
    <subfield code="a">LBB</subfield>
    <subfield code="b">LBB</subfield>
    <subfield code="c">B146</subfield>
    <subfield code="d">2015-11-17</subfield>
    <subfield code="o">FIS &#x1790;&#x17C4;&#x1784; 1992 B146 Or.1</subfield>
    <subfield code="p">RUA020615</subfield>
    <subfield code="r">2015-11-17</subfield>
    <subfield code="w">2015-11-17</subfield>
    <subfield code="y">FIS</subfield>
  </datafield>
  <datafield tag="952" ind1=" " ind2=" ">
    <subfield code="0">0</subfield>
    <subfield code="1">0</subfield>
    <subfield code="2">ddc</subfield>
    <subfield code="4">0</subfield>
    <subfield code="6">FIS_&#x1790;&#x17C4;&#x1784;_1992_000000000000000_B146_OR_2</subfield>
    <subfield code="7">0</subfield>
    <subfield code="9">16914</subfield>
    <subfield code="a">LBB</subfield>
    <subfield code="b">LBB</subfield>
    <subfield code="c">B146</subfield>
    <subfield code="d">2015-11-17</subfield>
    <subfield code="o">FIS &#x1790;&#x17C4;&#x1784; 1992 B146 Or.2</subfield>
    <subfield code="p">RUA020598</subfield>
    <subfield code="r">2015-11-17</subfield>
    <subfield code="w">2015-11-17</subfield>
    <subfield code="y">FIS</subfield>
  </datafield>
  <datafield tag="952" ind1=" " ind2=" ">
    <subfield code="0">0</subfield>
    <subfield code="1">0</subfield>
    <subfield code="2">ddc</subfield>
    <subfield code="4">0</subfield>
    <subfield code="6">FIS_&#x1790;&#x17C4;&#x1784;_1992_000000000000000_B146_OR_3</subfield>
    <subfield code="7">0</subfield>
    <subfield code="9">16915</subfield>
    <subfield code="a">LBB</subfield>
    <subfield code="b">LBB</subfield>
    <subfield code="c">B146</subfield>
    <subfield code="d">2015-11-17</subfield>
    <subfield code="o">FIS &#x1790;&#x17C4;&#x1784; 1992 B146 Or.3</subfield>
    <subfield code="p">RUA021064</subfield>
    <subfield code="r">2015-11-17</subfield>
    <subfield code="w">2015-11-17</subfield>
    <subfield code="y">FIS</subfield>
  </datafield>
  <datafield tag="952" ind1=" " ind2=" ">
    <subfield code="0">0</subfield>
    <subfield code="1">0</subfield>
    <subfield code="2">ddc</subfield>
    <subfield code="4">0</subfield>
    <subfield code="6">FIS_&#x1790;&#x17C4;&#x1784;_1992_000000000000000_B146_OR_4</subfield>
    <subfield code="7">0</subfield>
    <subfield code="9">16916</subfield>
    <subfield code="a">LBB</subfield>
    <subfield code="b">LBB</subfield>
    <subfield code="c">B146</subfield>
    <subfield code="d">2015-11-17</subfield>
    <subfield code="o">FIS &#x1790;&#x17C4;&#x1784; 1992 B146 Or.4</subfield>
    <subfield code="p">RUA021057</subfield>
    <subfield code="r">2015-11-17</subfield>
    <subfield code="w">2015-11-17</subfield>
    <subfield code="y">FIS</subfield>
  </datafield>
  <datafield tag="952" ind1=" " ind2=" ">
    <subfield code="0">0</subfield>
    <subfield code="1">0</subfield>
    <subfield code="2">ddc</subfield>
    <subfield code="4">0</subfield>
    <subfield code="6">FIS_&#x1790;&#x17C4;&#x1784;_1992_000000000000000_B146_OR_5</subfield>
    <subfield code="7">0</subfield>
    <subfield code="9">16917</subfield>
    <subfield code="a">LBB</subfield>
    <subfield code="b">LBB</subfield>
    <subfield code="c">B146</subfield>
    <subfield code="d">2015-11-17</subfield>
    <subfield code="o">FIS &#x1790;&#x17C4;&#x1784; 1992 B146 Or.5</subfield>
    <subfield code="p">RUA020785</subfield>
    <subfield code="r">2015-11-17</subfield>
    <subfield code="w">2015-11-17</subfield>
    <subfield code="y">FIS</subfield>
  </datafield>
  <datafield tag="952" ind1=" " ind2=" ">
    <subfield code="0">0</subfield>
    <subfield code="1">0</subfield>
    <subfield code="2">ddc</subfield>
    <subfield code="4">0</subfield>
    <subfield code="6">FIS_&#x1790;&#x17C4;&#x1784;_1992_000000000000000_B146_OR_6</subfield>
    <subfield code="7">0</subfield>
    <subfield code="9">16918</subfield>
    <subfield code="a">LBB</subfield>
    <subfield code="b">LBB</subfield>
    <subfield code="c">B146</subfield>
    <subfield code="d">2015-11-17</subfield>
    <subfield code="o">FIS &#x1790;&#x17C4;&#x1784; 1992 B146 Or.6</subfield>
    <subfield code="p">RUA020934</subfield>
    <subfield code="r">2015-11-17</subfield>
    <subfield code="w">2015-11-17</subfield>
    <subfield code="y">FIS</subfield>
  </datafield>
  <datafield tag="952" ind1=" " ind2=" ">
    <subfield code="0">0</subfield>
    <subfield code="1">0</subfield>
    <subfield code="2">ddc</subfield>
    <subfield code="4">0</subfield>
    <subfield code="6">FIS_&#x1790;&#x17C4;&#x1784;_1992_000000000000000_B146_OR_7</subfield>
    <subfield code="7">0</subfield>
    <subfield code="9">16919</subfield>
    <subfield code="a">LBB</subfield>
    <subfield code="b">LBB</subfield>
    <subfield code="c">B146</subfield>
    <subfield code="d">2015-11-17</subfield>
    <subfield code="o">FIS &#x1790;&#x17C4;&#x1784; 1992 B146 Or.7</subfield>
    <subfield code="p">RUA021083</subfield>
    <subfield code="r">2015-11-17</subfield>
    <subfield code="w">2015-11-17</subfield>
    <subfield code="y">FIS</subfield>
  </datafield>
</record>
